000 01254nam a2200289 4500
001 0000022197
003 CO-CtgCURN
005 20250616193950.0
007 ta
008 160627s2006 000 0 eng d
020 _a9583505676
040 _aCO-CtgCURN
_bspa
_ccoctgcurn
082 0 _a340.112
_bH117
245 0 0 _aHacia una comprension humana del derecho /
_ccoordinadores Hernan Olano García y Jorge Oviedo Alban.
260 _aBogotá :
_bTemis,
_c2006.
300 _axi, 236 p.
336 _2rdacontent
337 _2rdamedia
_asin mediacion
_bn
338 _2rdacarrier
_avolumen
_bnc
504 _aBibliografia al final de algunos capitulos.
505 8 _aLos titulos valores electronicos.--Moral, derecho y razonabilidad practica.--La crisis del estado.--Patentes sobre software desafio a la propiedad intelectual en la sociedad de la informacion.--Comentario a las dispociciones generales del proyecto de Código europeo de contratos.--Apuntes sobre la responsabilidad del conciliador en derecho en asuntos de familia
650 1 4 _aDerecho.
700 1 _aOlano García, Hernan, coord.
908 _a160627
942 _cBK
_h340.112
_iH117
_2ddc
_n0
999 _c18806
_d18806